[Event "73rd RUS-ch Superfinal 2020"]
[White "Chigaev,Maksim"]
[Black "Matlakov,Maxim"]
[Site "Moscow"]
[Round "5.6"]
[Annotator "TA"]
[Result "0-1"]
[Date "2020.12.09"]
[WhiteElo "2619"]
[BlackElo "2698"]
[PlyCount "94"]

1. e4 {} c5 2. Nf3 d6 3. d4 cxd4 4. Nxd4 Nf6 5. Nc3 a6 6. Be3 e5 7. Nf3 Be7 8. Bc4 0-0 9. 0-0 Nc6 {
} 10. Bb3 {B90: Sicilian Najdorf: Unusual
White 6th moves, 6 Be3 Ng4 and 6 Be3 e5.} h6 11. Nh4 Na5 12. Ng6 {The position
is equal.} Nxb3 13. Nxe7+ Qxe7 14. axb3 b5 {[#]} 15. Nd5 $146 ({Predecessor:} 15. f3 Bb7 16. Rf2 Qc7 17. Rd2 Rfd8 18. Bf2 Rd7 19. Bh4 g5 20. Bf2 Rad8 21. Qe1 {1-0 (49) Spasov,V (2567)-Dimitrov,R (2403) Plovdiv 2013} )Nxd5 16. Qxd5 Be6 17. Qd3 Qc7 18. Rfc1 Rfc8 19. Bd2 Qc6 20. h3 f6 21. c4 (21. b4 $11 )bxc4 $15 22. bxc4 Bxc4 23. Qg3 {aiming for b3.} Qxe4 {And now ...Kh8 would win.
} 24. Bxh6 {} Qh7 25. Qg4 f5 (25... d5 $1 $15 26. b3 Qxh6 27. bxc4 Rc5 28. Qe6+ Kh7 )26. Qd1 (26. Qf3 $11 {remains equal.} )d5 $36 { Black has some pressure. Black keeps a firm grip on the game.} ({
But not} 26... gxh6 $6 27. Rxc4 $1 {} Rxc4 28. Qd5+ Kh8 29. Qxc4 $11 )27. Bg5 {White wants to play b3.} Qg6 28. b3 Qxg5 29. bxc4 d4 ({Of course not} 29... dxc4 $6 {[#]} 30. Rxc4 $1 {} Rxc4 31. Qd5+ Kh7 32. Qxc4 $11 )30. c5 Rc6 31. Rc4 Rac8 32. Rac1 (32. Qc2 $17 )Kh7 (32... Rd8 $19 33. Qb3 Kh7 )33. g3 Rd8 34. Qa4 (34. Rb4 {is a better defense.} )Qf6 $19 35. Rd1 Rd5 36. Qb4 Qh6 37. h4 Qh5 38. Rd2 $2 (38. Rd3 {was the only chance.} )d3 39. Qa4 Qh6 40. g4 $2 (40. Kg2 )Rdxc5 $2 (40... Rg6 41. h5 Qxh5 )41. Rxc5 Rxc5 { Endgame KQR-KQR} 42. g5 $2 (42. Rxd3 Qxh4 43. Kg2 )Qh5 {( -> ...Rc1+)} 43. Rxd3 Rc1+ {Black mates.} 44. Kh2 {[#]} Qe2 $1 {
Double Attack} 45. Rg3 f4 46. Rg2 Qe1 {} 47. Kh3 Qh1+ {
Weighted Error Value: White=0.63/Black=0.27} 0-1

[Event "73rd RUS-ch Superfinal 2020"]
[White "Karjakin,Sergey"]
[Black "Matlakov,Maxim"]
[Site "Moscow"]
[Round "6.1"]
[Annotator "TA"]
[Result "1-0"]
[Date "2020.12.10"]
[WhiteElo "2752"]
[BlackElo "2698"]
[PlyCount "87"]

1. d4 {} Nf6 2. c4 e6 3. Nf3 d5 4. g3 Bb4+ 5. Bd2 a5 6. Bg2 0-0 7. Qc2 c5 {E11: Bogo-Indian.} 8. cxd5 cxd4 9. Nxd4 Qb6 {White is slightly better.} 10. e3 exd5 11. 0-0 Nc6 12. Nxc6 bxc6 13. Rc1 Be6 {[#] 13...Rb8 is a critical line.} 14. Qxc6 $146 ({
Predecessor:} 14. Nc3 c5 15. Na4 Qa7 16. Bc3 Bxc3 17. Qxc3 Rac8 18. Qa3 c4 19. Rd1 h5 20. Rd4 {1/2-1/2 (86) Esipenko,A (2590)-Riazantsev,A (2594) Tallinn 2019
} )Bxd2 15. Qxb6 Bxc1 16. Qd4 {aiming for Na3.} Rfb8 17. b3 Rb4 18. Qd3 {
Black must now prevent Nc3.} Bb2 19. a3 {Threatens to win with Ra2.} Bxa1 20. axb4 axb4 21. h3 h6 22. f4 Rc8 23. Nd2 Rc1+ {White now steadily converts the
win.} 24. Nf1 Bc3 25. f5 Bd7 26. Bxd5 Be5 (26... g5 $16 {is a better defense.} 27. g4 (27. fxg6 Bxh3 28. gxf7+ Kg7 $16 )Kg7 )27. g4 $18 Rc3 {[#]} 28. Qa6 $1 Nxd5 29. Qa8+ { Double Attack} Bc8 {Strongly threatening ...
Ne7.} 30. Qxd5 Bf6 31. Nd2 Rc1+ 32. Kh2 Rd1 33. Kg3 Bc3 34. Qd8+ Kh7 35. Qxc8 Rxd2 { Endgame KQ-KRB} 36. Qe8 f6 37. h4 Rd1 38. Kg2 Rd2+ 39. Kf3 Rd5 40. Qg6+ Kh8 41. g5 {White threatens Qe8+ and mate.} hxg5 (41... Rd8 $18 42. gxh6 gxh6 43. Qxh6+ Kg8 44. Qg6+ Kh8 )42. hxg5 {White mates.} fxg5 {[#]} 43. f6 $1 {} g4+ (43... Bxf6 44. Qe8+ )44. Ke4 $2 {Weighted Error Value: White=0.02/Black=0.29} (44. Qxg4 {mates} Bxf6 45. Qh3+ Rh5 46. Qxh5+ Kg8 47. Qe8+ Kh7 48. Kg4 Bc3 49. Kh5 )1-0

[Event "73rd RUS-ch Superfinal 2020"]
[White "Svidler,Peter"]
[Black "Chigaev,Maksim"]
[Site "Moscow"]
[Round "6.2"]
[Annotator "TA"]
[Result "1/2-1/2"]
[Date "2020.12.10"]
[WhiteElo "2723"]
[BlackElo "2619"]
[PlyCount "63"]

1. e4 {} e5 2. Nf3 Nc6 3. Bb5 a6 4. Ba4 Nf6 5. 0-0 Be7 6. d3 d6 7. c3 0-0 8. Nbd2 Re8 9. Re1 Bf8 10. d4 b5 11. Bc2 exd4 {C91: Closed Ruy Lopez: 7...d6 8 c3 0-0 9 d4.} 12. cxd4 Bg4 13. Nf1 Bxf3 14. gxf3 {[#]} Nh5 $146 ({Predecessor:} 14... g6 15. Ng3 Bg7 16. f4 Nb4 17. Bb1 c5 18. dxc5 dxc5 19. e5 Qxd1 20. Rxd1 Rad8 {0-1 (72) Golubev,R (2348)-Inarkiev,
E (2675) Moscow 2015} )15. Ng3 Qh4 16. Be3 (16. Nf5 $5 {} Qf6 17. f4 $14 )g6 17. Rc1 Nb4 18. Bb3 {[#] Strongly threatening a3.} c5 $1 {
} 19. a3 (19. dxc5 dxc5 20. Bxc5 Bxc5 $15 )Nc6 $1 20. Bd5 Rac8 21. dxc5 dxc5 22. Nxh5 (22. Bxc5 Bxc5 23. Rxc5 Nf4 $17 )Qxh5 23. f4 ({Don't blunder} 23. Bxc5 $2 Ne5 $19 )Qxd1 24. Rexd1 c4 25. Kg2 Na5 26. Rc2 Nb3 {The position is equal.} 27. Bb7 Rb8 28. Rd7 Bc5 {[#] White must now
prevent ...Bxe3.} 29. Rc7 ({Of course not} 29. Bxa6 Bxe3 30. fxe3 Nc5 $17 )Bd6 30. Rd7 {aiming for Bd5.} Bc5 {Hoping for ...Bxe3.} 31. Rc7 ({
Don't play} 31. Bxa6 Bxe3 32. fxe3 Nc5 $17 )Bd6 32. Rd7 {Weighted Error
Value: White=0.10/Black=0.07} 1/2-1/2

[Event "73rd RUS-ch Superfinal 2020"]
[White "Artemiev,Vladislav"]
[Black "Esipenko,Andrey"]
[Site "Moscow"]
[Round "6.3"]
[Annotator "TA"]
[Result "1-0"]
[Date "2020.12.10"]
[WhiteElo "2711"]
[BlackElo "2686"]
[PlyCount "59"]

1. Nf3 {} d5 2. g3 Nf6 3. Bg2 e6 4. 0-0 Be7 5. d3 0-0 6. Bf4 {A07: Réti Opening: New
York and Capablanca Systems.} c5 7. e4 Nc6 8. Ne5 {The position is equal.} Nxe5 9. Bxe5 Nd7 {[#]} 10. Bf4 $146 ({Predecessor:} 10. Bc3 d4 11. Bd2 Rb8 12. a4 b6 13. Na3 Bb7 14. Nc4 a6 15. f4 b5 16. Ne5 {0-1 (78) Hakobyan,A (2559)-Nguyen,T 
(2535) Bratislava 2019} )d4 11. a4 e5 12. Bd2 Nb8 13. Na3 Nc6 14. f4 exf4 15. gxf4 f5 16. Nc4 Be6 17. a5 Qd7 18. exf5 Bd5 19. Ne5 Nxe5 20. Bxd5+ Qxd5 21. fxe5 Qxe5 22. Qf3 Rad8 (22... Bh4 $11 )23. Qxb7 $14 {aiming for Rae1.} Rxf5 (23... Rf7 $14 )24. Rfe1 $1 $16 {} ({Much worse is} 24. Rxf5 $6 Qxf5 25. Qxe7 Qg4+ 26. Kh1 Qf3+ 27. Kg1 Qg4+ 28. Kh1 Qf3+ 29. Kg1 Qg4+ $11 )Qf6 {Strongly threatening ...Rf8.} 25. Rxe7 {Qb3+ is the strong threat.} Rf8 {
[#]} 26. Ree1 $1 {And now Qg2 would win.} Qg6+ $2 { This costs
Black the game.} (26... Kh8 $16 {is a better chance.} )27. Kh1 $18 {White is
clearly winning.} Rf2 {[#] ( -> ...Rxh2+!)} 28. Qd5+ $1 Kh8 {Hoping for ...Qg4.
} 29. Rg1 Qe8 30. Rg2 {Weighted Error Value: White=0.01/Black=0.22} 1-0

[Event "73rd RUS-ch Superfinal 2020"]
[White "Antipov,Mikhail Al."]
[Black "Dubov,Daniil"]
[Site "Moscow"]
[Round "6.4"]
[Annotator "TA"]
[Result "1/2-1/2"]
[Date "2020.12.10"]
[WhiteElo "2611"]
[BlackElo "2702"]
[PlyCount "113"]

1. g3 {} d5 2. Nf3 g6 3. Bg2 Bg7 4. d4 Nf6 5. 0-0 0-0 6. c3 c6 7. a4 {D02: 1 d4 d5 2 Nf3 sidelines, including 2.
..Nf6 3 g3 and 2...Nf6 3 Bf4.} a5 8. Qb3 {[#]} Ra7 $146 ({Predecessor:} 8... Nbd7 9. Bf4 Qb6 10. Qa3 Re8 11. Nbd2 Qa6 12. Rfe1 h6 13. e4 Nxe4 14. Nxe4 dxe4 15. Rxe4 {1-0 (38) Moussard,J (2571)-Thorfinnsson,B (2426) chess.com INT 2018} )9. h3 Bf5 10. Bf4 Nbd7 {} 11. Nbd2 Ne4 12. g4 Nxd2 13. Nxd2 Be6 14. e3 Nf6 15. Qc2 Ra8 16. Rae1 Ne8 17. c4 dxc4 18. Nxc4 Nc7 19. Be5 Nd5 20. Bxg7 Kxg7 21. Ne5 Nb4 22. Qc3 $1 {
} f6 23. Nd3 Nxd3 24. Qxd3 Ra6 {} 25. e4 {The position is equal.} Rb6 26. d5 Bf7 27. Qc3 cxd5 28. exd5 Rd6 29. Qb3 b6 30. Re3 Bxd5 31. Bxd5 Rxd5 {[#]} 32. Rxe7+ $1 {} Qxe7 33. Qxd5 $11 { Endgame KQR-KQR} Rd8 34. Qf3 Rd4 35. Rd1 Qe4 (35... Rxa4 $2 36. Qc6 $18 )36. Qxe4 Rxe4 {KR-KR} 37. Rd7+ Kh6 38. Rd6 Rb4 39. Kg2 Kg7 40. Rd7+ Kg8 41. Rb7 Rxb2 42. Kg3 Rb4 43. f4 Rb3+ 44. Kh4 Rb4 45. Kg3 h6 46. h4 h5 {[#] White must now prevent ...Rb3+.} 47. g5 fxg5 48. fxg5 Kf8 49. Kf3 Ke8 ({
Don't do} 49... Rxh4 50. Rb8+ Ke7 51. Rb7+ Kf8 52. Rb8+ Kg7 53. Rb7+ Kf8 $17 )50. Rg7 Rxa4 51. Rxg6 b5 ({Much less strong is} 51... Rxh4 52. Rxb6 a4 53. Rb7 $17 )52. Ra6 Ke7 53. Ra7+ Kd6 54. g6 Rxh4 {...a4 is the strong threat.} 55. Rxa5 Kc5 {Threatens to win with ...Rg4.} 56. Ra2 {And now Rg2 would win.} Rd4 ({Wrong is} 56... Rg4 $2 57. Rg2 $18 )57. Rh2 {Weighted Error Value: White=0.04/
Black=0.03} 1/2-1/2

[Event "73rd RUS-ch Superfinal 2020"]
[White "Vitiugov,Nikita"]
[Black "Fedoseev,Vladimir"]
[Site "Moscow"]
[Round "6.5"]
[Annotator "TA"]
[Result "1/2-1/2"]
[Date "2020.12.10"]
[WhiteElo "2720"]
[BlackElo "2674"]
[PlyCount "80"]

1. d4 {} Nf6 2. c4 e6 3. Nc3 Bb4 4. Nf3 b6 5. e3 Bb7 6. Bd3 0-0 7. 0-0 c5 8. Na4 cxd4 9. exd4 Re8 10. a3 Bf8 11. Nc3 {E43: Nimzo-Indian: Rubinstein: 4...b6.} h6 12. Bf4 Nc6 13. Re1 {[#] The position is equal.} d6 $146 ({Predecessor:} 13... d5 14. cxd5 Nxd5 15. Nxd5 Qxd5 16. Be4 Qd7 17. Rc1 Rac8 18. h4 Bd6 19. Bxd6 Qxd6 {
1/2-1/2 (30) Simeonov,L (2279)-Dimitrov,D (2144) ICCF email 2017} )14. h3 Rc8 15. d5 exd5 16. Rxe8 Qxe8 17. cxd5 Ne5 18. Be2 Ng6 19. Bg3 Ne4 20. Nxe4 $1 Qxe4 21. Nd4 $1 Ne5 ({But not} 21... Bxd5 $2 22. Bf3 $18 )22. Nb5 Qxd5 {
} 23. Bf1 a5 24. Qxd5 Bxd5 {[#]} 25. Nxd6 $1 {} Bxd6 26. Rd1 {[#]} Nf3+ $1 27. gxf3 Bxg3 28. Rxd5 $15 { Endgame KRB-KRB} Bh4 29. Bd3 Rd8 (29... Bf6 {is more complex.} 30. b4 Rc1+ 31. Kg2 axb4 32. axb4 Kf8 )30. Rxd8+ Bxd8 $11 {KB-KB} 31. a4 Bf6 32. b3 Be5 33. Bc4 Kf8 34. Kg2 h5 35. Kf1 Ke7 36. Kg2 Kf8 37. Kf1 Bf4 38. Kg2 Ke7 39. Kf1 Kf8 40. Kg2 Ke7 {Weighted
Error Value: White=0.07/Black=0.08} (40... h4 $15 )1/2-1/2

[Event "73rd RUS-ch Superfinal 2020"]
[White "Goganov,Aleksey"]
[Black "Nepomniachtchi,Ian"]
[Site "Moscow"]
[Round "6.6"]
[Annotator "TA"]
[Result "0-1"]
[Date "2020.12.10"]
[WhiteElo "2594"]
[BlackElo "2784"]
[PlyCount "92"]

1. d4 {} Nf6 2. c4 e6 3. Nc3 d5 4. Nf3 dxc4 5. e4 b5 6. e5 {D24: Queen's Gambit
Accepted: 3 Nf3 Nf6 4 Nc3.} Nd5 7. Nxb5 Nb6 8. Be2 {White is slightly better.} Nc6 9. 0-0 Be7 10. Qd2 0-0 11. Qf4 Rb8 {next ...Nd5 is good for Black.} 12. Qg3 {And now Bh6! would win.} Kh8 13. Rd1 Nb4 14. Nc3 (14. Nxa7 $2 Bd7 $19 )Bb7 15. Rb1 N4d5 {[#]} 16. Bd2 $146 ({Predecessor:} 16. Ne4 f5 17. exf6 gxf6 18. Nc5 Bc8 19. Ne4 Qe8 20. Bd2 Rg8 21. Qh4 e5 22. h3 {0-1 (86) Esipenko,A 
(2603)-Maghsoodloo,P (2666) Moscow 2019} )Nxc3 17. Bxc3 Bd5 18. b3 Be4 19. Ra1 ({Of course not} 19. bxc4 Bxb1 20. Rxb1 Na4 $17 )Nd5 {Black
converts the advantage convincingly.} 20. Be1 c3 ({Don't play} 20... cxb3 21. axb3 Rxb3 22. Rxa7 $11 )21. Bd3 Bxd3 22. Rxd3 {[#]} Ba3 $1 {} 23. Bxc3 (23. Rxc3 $17 Bb2 24. Rcc1 )Nxc3 $19 24. Rxc3 Bb2 $1 { Double Attack} 25. Rac1 c5 26. Rxc5 {Strongly threatening R1c4.} Bxc1 27. Rxc1 {[#]} Qa5 $1 28. h4 Qxa2 29. Qf4 (29. Rc7 {keeps fighting.} )Qxb3 30. Ng5 (30. Ra1 $142 )h6 31. Ne4 Rbc8 32. Re1 Qb4 33. Rd1 Rcd8 34. Qe3 (34. Nd6 $142 )a5 {} 35. g4 a4 36. g5 h5 37. Nf6 {If only White now had time for Qf3....} g6 ({Less strong is
} 37... gxf6 38. g6 $17 )38. Kh2 Qb3 39. Rd3 Qc2 40. Rc3 (40. d5 {was called
for.} )Qf5 41. Ra3 Ra8 42. d5 exd5 43. Qd4 Qe6 {Black is clearly winning.
} 44. f4 (44. Rxa4 $142 Rxa4 45. Qxa4 )Rfc8 45. f5 Qxf5 46. Nxd5 Qe6 {
Weighted Error Value: White=0.40/Black=0.10} 0-1

[Event "73rd RUS-ch Superfinal 2020"]
[White "Nepomniachtchi,Ian"]
[Black "Karjakin,Sergey"]
[Site "Moscow"]
[Round "7.1"]
[Annotator "TA"]
[Result "1-0"]
[Date "2020.12.12"]
[WhiteElo "2784"]
[BlackElo "2752"]
[PlyCount "63"]

1. d4 {} Nf6 2. c4 e6 3. Nc3 Bb4 4. f3 d5 5. a3 Be7 6. e4 dxe4 {E20: Nimzo-Indian: 4 g3 and 4 f3.} 7. fxe4 c5 {outshines the older
7...e5.} 8. d5 {Black must now prevent e5.} exd5 {The position is equal.} 9. exd5 0-0 10. Be2 Re8 11. Nf3 Bg4 12. 0-0 Nbd7 13. d6 Bf8 14. h3 Bh5 $1 {[#]} 15. Bf4 $5 $146 { An interesting novelty.} ({Predecessor:} 15. Nb5 Qb6 16. Nc7 Bxd6 17. Nxa8 Rxa8 18. Nh4 Bg6 19. Nf5 Bxf5 20. Rxf5 Re8 21. Qc2 {
0-1 (33) Vidit,S (2726)-Karjakin,S (2752) Chess.com INT 2020} )Qb6 16. b3 Rad8 17. Ra2 h6 18. a4 {} Bxf3 19. Bxf3 {Threatens
to win with a5.} Ne5 20. Nb5 Bxd6 $2 {A mistake that costs the game.} ({
Black should try} 20... Rd7 $14 )21. a5 $1 $18 {} Qa6 {[#] And now
...Bb8 would win.} 22. Rd2 $1 {} Nxf3+ 23. Rxf3 {} Ne4 (23... Be7 {keeps fighting.} )24. Nxd6 Nxd2 25. Qxd2 Re6 {} 26. Rd3 b6 27. Nf5 Rxd3 28. Qxd3 $40 { Threatening mate with Qd8+. White has
strong attack.} Qb7 {[#]} (28... Qc8 $142 29. Qg3 g5 )29. Qd5 $1 {} Qxd5 30. cxd5 Re1+ $2 (30... Rf6 )31. Kf2 Rd1 32. Ke2 {Weighted Error Value:
White=0.02/Black=0.32} 1-0

[Event "73rd RUS-ch Superfinal 2020"]
[White "Fedoseev,Vladimir"]
[Black "Goganov,Aleksey"]
[Site "Moscow"]
[Round "7.2"]
[Annotator "TA"]
[Result "1/2-1/2"]
[Date "2020.12.12"]
[WhiteElo "2674"]
[BlackElo "2594"]
[PlyCount "99"]

1. d4 {} Nf6 2. Bg5 d5 3. e3 e6 4. Bd3 c5 5. c3 Nc6 6. Nf3 Be7 7. Nbd2 b6 8. Ne5 Nxe5 9. dxe5 Nd7 10. Bxe7 $1 {The main line 10.Bxe7 scores better than 10.Bf4.} Qxe7 11. f4 {D03: 1 d4 d5 2 Nf3 Nf6 3 Bg5, including Torre Attack with early ...d5.} Qh4+ 12. g3 Qe7 {[#]} 13. e4 $146 ({Predecessor:} 13. Qg4 f6 14. Nf3 Bb7 15. Qh5+ Qf7 16. Qxf7+ Kxf7 17. Rf1 Ke7 18. Bb5 Nf8 19. 0-0-0 {1-0 (38) Yu,Y (2709)
-Mons,L (2543) chess.com INT 2020} )c4 14. Bc2 Bb7 15. Qe2 Nc5 (15... 0-0 $11 )16. 0-0 b5 17. exd5 Bxd5 18. b4 Nd3 19. Bxd3 cxd3 20. Qxd3 0-0 21. Qxb5 Rfc8 {[#]} 22. Qd3 $1 Qc7 23. c4 (23. Rac1 {is more complex.} Rab8 24. a4 Rd8 25. Qe3 Ba8 26. a5 )Bxc4 24. Nxc4 Qxc4 25. Qxc4 Rxc4 $14 {
Endgame KRR-KRR} 26. a3 Rac8 27. Rf3 ({White should play} 27. Rad1 $16 )Rd8 28. Ra2 h5 29. Kg2 Kh7 30. Rff2 Kg6 31. Rac2 Rxc2 32. Rxc2 $11 {Threatens
to win with Rc7. KR-KR} Rd3 33. a4 Rd4 34. Rb2 Kf5 {The position is equal.} 35. a5 {aiming for b5.} a6 $1 36. Kf3 Rd3+ 37. Ke2 Ra3 $1 38. Rc2 h4 $1 39. gxh4 (39. Kd2 {is interesting.} hxg3 40. hxg3 Rxg3 41. Rc6 Kxf4 42. Rxa6 Rb3 43. Rb6 )Kxf4 40. Rc7 Kxe5 41. Rxf7 Rh3 42. Rxg7 Rxh4 43. Ra7 Rxb4 44. Kf3 Kf5 45. Rxa6 Rb3+ 46. Kf2 Rb2+ 47. Kg3 Rb3+ 48. Kf2 Rb2+ 49. Kg3 Rb3+ 50. Kf2 {
Weighted Error Value: White=0.08/Black=0.06} 1/2-1/2

[Event "73rd RUS-ch Superfinal 2020"]
[White "Dubov,Daniil"]
[Black "Vitiugov,Nikita"]
[Site "Moscow"]
[Round "7.3"]
[Annotator "TA"]
[Result "1/2-1/2"]
[Date "2020.12.12"]
[WhiteElo "2702"]
[BlackElo "2720"]
[PlyCount "119"]

1. Nf3 {} d5 2. d4 Nf6 3. c4 c6 4. cxd5 cxd5 5. Nc3 Nc6 6. Bf4 a6 7. Rc1 $1 { is
recently more successful than 7.e3.} Bf5 8. Ne5 {D13: Slav Defence: Exchange
variation without ...Bf5.} Rc8 9. Qa4 Bd7 {[#] And now ...Nxe5 would win.} 10. Nxd7 $146 ({Predecessor:} 10. Qd1 e6 11. e3 Nxe5 12. Bxe5 Qb6 13. Qb3 Qxb3 14. axb3 Bb4 15. f3 Ke7 16. Bd3 {1/2-1/2 (58) Rusev,K (2498)-Georgiev,K (2637)
Senigallia 2009} )Qxd7 11. e3 e6 12. Be2 Bd6 13. Bg5 h6 14. Bxf6 gxf6 15. 0-0 f5 16. Qd1 Ne7 17. Kh1 Kf8 18. Rc2 Rc7 19. Bd3 h5 20. f3 h4 21. e4 Bf4 22. Ne2 Rxc2 23. Bxc2 Bb8 24. exf5 exf5 (24... Qd6 $5 25. f4 $8 exf5 $11 )25. Qd2 Qd6 { [#]} 26. f4 Rh6 27. Ng1 Nc6 28. Bxf5 Rf6 29. Bg4 (29. Bb1 {seems wilder.} Rxf4 30. Rxf4 Qxf4 31. Qxf4 Bxf4 32. Nf3 )Rxf4 30. Rxf4 Qxf4 31. Qxf4 Bxf4 $11 { Endgame KBN-KBN} 32. Bc8 Nxd4 33. Bxb7 a5 34. Bxd5 Ke7 35. Bc4 f6 36. Nh3 Bc1 37. b3 Kd6 38. Nf2 Be3 39. Nd1 Bd2 40. Kg1 Kc5 41. Kf2 Kb4 42. Ne3 Ka3 43. Bf7 {aiming for Nc4+.} Bb4 44. Nc4+ Kxa2 45. Nxa5 Kb2 46. Nb7 Kc3 47. Ke3 Nf5+ 48. Kf3 Nd6 49. Nd8 Ba5 50. Nc6 Bc7 $1 51. Ne7 {Nd5+ is the strong threat.} Bd8 $1 {} 52. Nd5+ Kxb3 53. Bg8 Kc4 54. Nf4+ (54. Nxf6+ $5 Kd4 55. Nd7 $14 )Kc3 {The position is
equal.} 55. Kg4 f5+ 56. Kf3 Ne4 57. Be6 Ng5+ 58. Ke2 Kd4 {Threatens to win
with ...Ke5.} 59. Bc8 Bc7 60. Ne6+ {Weighted Error Value: White=0.04/Black=0.04
} 1/2-1/2

[Event "73rd RUS-ch Superfinal 2020"]
[White "Chigaev,Maksim"]
[Black "Artemiev,Vladislav"]
[Site "Moscow"]
[Round "7.5"]
[Annotator "TA"]
[Result "1-0"]
[Date "2020.12.12"]
[WhiteElo "2619"]
[BlackElo "2711"]
[PlyCount "103"]

1. e4 {} c5 2. Nf3 d6 3. d4 cxd4 4. Nxd4 Nf6 5. Nc3 Nc6 6. Bg5 Bd7 7. Qd2 a6 8. 0-0-0 e6 9. f4 Be7 10. Nf3 b5 11. Bxf6 gxf6 12. Kb1 Qb6 {B69: Sicilian: Richter-Rauzer: 7...a6 8 0-0-0
Bd7 9 f4 Be7 10 Nf3 b5 11 Bxf6.} 13. g3 0-0-0 (13... b4 $5 {} 14. Ne2 a5 $11 )14. Bh3 Kb8 {White has an edge.} 15. f5 Rhe8 16. fxe6 fxe6 17. Qh6 Qc5 18. Ne2 Rc8 {[#]} 19. Nf4 $146 ({Better is} 19. Nfd4 $16 )({Predecessor:} 19. Rd2 Na5 20. Ned4 Nc4 21. Re2 Bd8 22. Qxh7 Re7 23. Qh6 a5 24. Rd1 a4 25. a3 {0-1 (39) Klicnar,M-Hausner,I (2415) Czechia 1998} )Qc4 $14 {[#] Hoping
for ...Nb4!} 20. Nd2 Qa4 21. c3 b4 22. b3 $36 { White is pushing.} Qb5 23. c4 $1 {} Qg5 24. Qh5 Nd4 25. Rhf1 Qxh5 26. Nxh5 Rc5 (26... Red8 $14 )27. Nxf6 $16 Bxf6 28. Rxf6 Ne2 {aiming for ...Nc3+.} 29. Rh1 (29. Kc2 $16 )Ra5 $14 {White should prevent ...Nc3+.} 30. Kb2 Nc3 31. a4 Re5 32. Bg4 (32. Rf4 $16 )Nxe4 33. Nxe4 Rxe4 34. Bf3 Rd4 35. Rd1 Rxd1 36. Bxd1 $16 { Endgame KRB-KRB} Re7 37. Bc2 Kc7 38. Rh6 Rf7 $1 39. Rxh7 Rf2 $1 40. Kc1 Kc8 (40... e5 $14 )41. h4 e5 {...Rxc2+! is the strong threat.} 42. Bd1 e4 (42... Kd8 $142 )43. Re7 Bc6 44. h5 {Strongly threatening h6.} Rh2 45. a5 (45. Bg4+ $16 Kd8 46. Re6 )Kd8 $14 46. Re6 $1 {} Kc7 $1 47. h6 d5 $2 { A mistake that costs the game.} (47... Bd7 $1 $14 48. Re7 (48. Rxe4 Rxh6 49. Rh4 Rg6 $14 )Kd8 49. Rxe4 Rxh6 )48. cxd5 $18 Bxd5 {[#]} 49. Re5 $1 Bg8 50. Rh5 Rxh5 51. Bxh5 Bh7 52. g4 {Weighted Error Value:
White=0.10/Black=0.45} 1-0

[Event "73rd RUS-ch Superfinal 2020"]
[White "Matlakov,Maxim"]
[Black "Svidler,Peter"]
[Site "Moscow"]
[Round "7.6"]
[Annotator "TA"]
[Result "1/2-1/2"]
[Date "2020.12.12"]
[WhiteElo "2698"]
[BlackElo "2723"]
[PlyCount "57"]

1. d4 {} Nf6 2. c4 g6 3. Nc3 d5 4. Nf3 Bg7 5. Qb3 dxc4 6. Qxc4 0-0 7. e4 a6 8. Be2 b5 9. Qb3 c5 10. dxc5 Be6 {The position is equal.} 11. Qc2 {D97: Grünfeld: Russian System: 7 e4, replies other than 7...Bg4.} Nbd7 {} 12. Be3 Rc8 13. Rd1 {Ng5 is the
strong threat.} b4 14. Nd5 Bxd5 15. exd5 {Strongly threatening c6.} Nxc5 16. 0-0 Nce4 17. Qd3 Qd6 18. Qxa6 Qxa6 19. Bxa6 Rc2 {[#]} 20. Ne5 $146 ({
Predecessor:} 20. Bd4 Nd6 21. Bd3 Rc7 22. Bb1 Rb8 23. Rfe1 Rb5 24. g3 Rxd5 25. Kg2 h6 26. h4 {1/2-1/2 (59) Schnabel,M (2448)-Brasier,J (2427) ICCF email 2017} )Rxb2 21. Bc4 Nc3 22. d6 exd6 23. Rxd6 Nfe4 24. Nxf7 $1 {[#] Threatens
to win with Rd7.} Nxd6 ({Wrong is} 24... Rxf7 $2 25. Rd7 $18 )25. Nxd6+ Kh8 26. Nf7+ Kg8 27. Nd6+ Kh8 28. Nf7+ Kg8 29. Nd6+ {A rather calm draw.  Weighted
Error Value: White=0.02/Black=0.00} 1/2-1/2

[Event "73rd RUS-ch Superfinal 2020"]
[White "Karjakin,Sergey"]
[Black "Svidler,Peter"]
[Site "Moscow"]
[Round "8.1"]
[Annotator "TA"]
[Result "1-0"]
[Date "2020.12.13"]
[WhiteElo "2752"]
[BlackElo "2723"]
[PlyCount "75"]

1. e4 {} c5 2. Nf3 d6 3. d4 cxd4 4. Nxd4 Nf6 5. Nc3 a6 6. Bg5 e6 7. f4 Qc7 8. Bxf6 gxf6 9. Qd2 Nc6 {B96:
Sicilian Najdorf: 6 Bg5 e6 7 f4, lines other than 7...Qb6 and 7...Be7.} 10. 0-0-0 b5 11. Kb1 Nxd4 {White is slightly better.} 12. Qxd4 Be7 13. f5 Bd7 14. Qd2 {[#] has lost popularity (14.Be2).} 0-0-0 $146 ({Predecessor:} 14... Qc5 15. fxe6 fxe6 16. Ne2 Rc8 17. Nf4 0-0 18. Be2 a5 19. Rhf1 b4 20. Bh5 Kh8 21. Rf3 {1-0 (29) Karjakin,S (2747)-Rombaldoni,D (2501) Khanty-Mansiysk 2010} )15. Ne2 (15. Be2 $16 )d5 $11 16. exd5 {[#] Threatens to win with d6.} Bc6 $1 {} 17. Qe3 Bxd5 18. Nc3 Bb7 {White must now prevent ...b4.} 19. Bd3 Kb8 20. fxe6 Bc5 21. Qh3 fxe6 22. Qxe6 Bd4 23. Be4 Bxc3 24. Bxb7 ({Not} 24. bxc3 $2 Rhe8 $19 )Kxb7 25. bxc3 Qxc3 26. Qe7+ Kc8 27. a3 Rhe8 28. Qxh7 Qxa3 29. Qf5+ Kc7 30. Qf4+ Kb7 $1 31. Qxf6 Qb4+ 32. Qb2 Qg4 33. Rxd8 Rxd8 34. Re1 Qxg2 $2 { [#] Loses the game.} (34... Rd1+ $11 35. Rxd1 Qxd1+ 36. Ka2 Qd5+ 37. Qb3 Qxg2 )35. Re7+ $1 $18 Ka8 36. Qf6 Qg1+ 37. Ka2 Qg8+ 38. Rf7 {Accuracy: White = 89%, Black = 66%.} ({Less strong is} 38. Ka3 b4+ {
 Decoy} 39. Kxb4 a5+ 40. Ka3 Qc4 $16 )(38. Kb2 $142 Qh8 39. Rg7 Qxg7 40. Qxg7 )1-0